Подробности
| 000 -МАРКЕР |
| контрольное поле |
01775nam0a2200361 4500 |
| 001 - ИДЕНТИФИКАТОР ЗАПИСИ |
| контрольное поле |
RU\NLR\b_ik\186551 |
| 005 - ИДЕНТИФИКАТОР ВЕРСИИ |
| контрольное поле |
20260406132130.0 |
| 010 ## - МЕЖДУНАРОДНЫЙ СТАНДАРТНЫЙ НОМЕР КНИГИ (ISBN) |
| Номер (ISBN) |
978-5-91521-005-8 |
| Тираж |
2500 |
| 035 ## - ДРУГИЕ СИСТЕМНЫЕ НОМЕРА |
| Идентификатор записи |
(NLR Aleph) 002259059 |
| 100 ## - ДАННЫЕ ОБЩЕЙ ОБРАБОТКИ |
| Данные общей обработки |
20101108d2010 |||y0rusy50 ca |
| 101 1# - ЯЗЫК РЕСУРСА |
| Язык текста, звукозаписи и т.д. |
английский |
| Язык оригинала |
русский |
| 102 ## - СТРАНА ПУБЛИКАЦИИ ИЛИ ПРОИЗВОДСТВА |
| Страна публикации |
российская федерация |
| 105 ## - ПОЛЕ КОДИРОВАННЫХ ДАННЫХ: ТЕКСТОВЫЕ МАТЕРИАЛЫ, МОНОГРАФИЧЕСКИЕ |
| Кодированные данные о монографическом текстовом документе |
a ||||||||| |
| 200 9# - ЗАГЛАВИЕ И СВЕДЕНИЯ ОБ ОТВЕТСТВЕННОСТИ |
| Основное заглавие |
The armoury |
| Сведения, относящиеся к заглавию |
a guide |
| Первые сведения об ответственности |
V.S. Goncharenko a. V.I. Narozhnaya |
| Последующие сведения об ответственности |
Moscow Kremlin, State museum-preserve of history a. culture |
| -- |
[transl.: Kathleen Cook] |
| 205 ## - СВЕДЕНИЯ ОБ ИЗДАНИИ |
| Сведения об издании |
4th ed. |
| 210 ## - ПУБЛИКАЦИЯ, РАСПРОСТРАНЕНИЕ И ДР. |
| Место издания, распространения и т.д. |
Moscow |
| Имя издателя, распространителя и т. д. |
Red square |
| Дата издания, распространения и т.д. |
2010 |
| 215 ## - ФИЗИЧЕСКАЯ ХАРАКТЕРИСТИКА |
| Специфическое обозначение материала и объем |
288 с. |
| Другие сведения о физической характеристике |
ил., цв. ил. |
| Размеры |
22 |
| 300 ## - ОБЩИЕ ПРИМЕЧАНИЯ |
| Текст примечания |
На обл. авт. не указаны |
| 541 1# - ПЕРЕВОД ЗАГЛАВИЯ, СДЕЛАННЫЙ КАТАЛОГИЗАТОРОМ |
| Заглавие |
Оружейная палата: гид |
| 601 02 - НАИМЕНОВАНИЕ ОРГАНИЗАЦИИ КАК ПРЕДМЕТ |
| Начальный элемент ввода |
Оружейная палата |
| Идентифицирующий признак |
Москва, город |
| Формальный подзаголовок |
Путеводители |
| Тематический подзаголовок |
Коллекция декоративно-прикладного искусства |
| Системный номер авторитетной/нормативной записи |
2530591 |
| Идентификатор авторитетной/нормативной записи |
RU\NLR\AUTH\661498929 |
| 606 1# - НАИМЕНОВАНИЕ ТЕМЫ КАК ПРЕДМЕТ |
| Наименование темы |
Декоративно-прикладное искусство русское |
| Формальный подзаголовок |
Путеводители |
| Системный номер авторитетной/нормативной записи |
2582892 |
| Идентификатор авторитетной/нормативной записи |
RU\NLR\AUTH\661526795 |
| 686 1# - ИНДЕКСЫ ДРУГИХ КЛАССИФИКАЦИЙ |
| Индекс |
Щ101.3(2Р=Рус)-2Москва2Оружейная палата я23 |
| 686 1# - ИНДЕКСЫ ДРУГИХ КЛАССИФИКАЦИЙ |
| Индекс |
Щ123(2Р=Рус)л61 я23 |
| 700 #1 - ИМЯ ЛИЦА - ПЕРВИЧНАЯ ОТВЕТСТВЕННОСТЬ |
| Код отношения |
Автор |
| Графика поля |
Латинская |
| Материалы, к которым относится поле |
rus |
| Начальный элемент ввода |
Gončarenko |
| Часть имени, кроме начального элемента ввода |
V. S. |
| Расширение инициалов личного имени |
Valentina Semenovna |
| Системный номер авторитетной/нормативной записи |
213507 |
| Идентификатор авторитетной/нормативной записи |
RU\NLR\AUTH\770213563 |
| 701 #1 - ИМЯ ЛИЦА - АЛЬТЕРНАТИВНАЯ ОТВЕТСТВЕННОСТЬ |
| Код отношения |
Автор |
| Графика поля |
Латинская |
| Материалы, к которым относится поле |
rus |
| Начальный элемент ввода |
Narožnaja |
| Часть имени, кроме начального элемента ввода |
V. I. |
| Дополнения к именам, кроме дат |
работник культуры |
| Расширение инициалов личного имени |
Valentina Ivanovna |
| Системный номер авторитетной/нормативной записи |
213613 |
| Идентификатор авторитетной/нормативной записи |
RU\NLR\AUTH\770213669 |
| 712 02 - НАИМЕНОВАНИЕ ОРГАНИЗАЦИИ - ВТОРИЧНАЯ ОТВЕТСТВЕННОСТЬ |
| Код отношения |
Прочие |
| Материалы, к которым относится поле |
eng |
| Начальный элемент ввода |
Armoury chamber |
| Идентифицирующий признак |
Moscow |
| Графика поля |
Латинская |
| Идентификатор авторитетной/нормативной записи |
RU\NLR\AUTH\8823414 |
| Системный номер авторитетной/нормативной записи |
321316 |
| 801 #0 - ИСТОЧНИК ЗАПИСИ |
| Страна |
российская федерация |
| Организация |
NLR |
| Дата составления |
20101108 |
| Правила каталогизации |
RCR |
| 942 ## - ДОПОЛНИТЕЛЬНЫЕ ЭЛЕМЕНТЫ ЗАПИСИ (АБИС) |
| Тип экземпляра АБИС |
Книга |
| 980 ## - КОЛЛЕКЦИЯ |
| Название коллекции |
Национальная библиография |